[Event "FIN-ch Seniors 50 2020"]
[Site "Helsinki"]
[Date "2020.09.25"]
[Round "2.4"]
[White "Hamalainen, Sami"]
[Black "Vainikainen, Tommi"]
[Result "1-0"]
[WhiteElo "2182"]
[BlackElo "1850"]
[Annotator "TA"]
[PlyCount "83"]
[EventDate "2020.09.24"]
[EventType "tourn"]
[EventCountry "FIN"]
[SourceTitle "playchess.com"]
[Source "ChessBase"]
[SourceQuality "1"]

{[%evp 20,83,13,14,18,22,44,26,93,99,130,132,121,120,122,133,171,143,182,187,169,146,159,164,164,162,156,115,160,160,206,228,227,218,987,984,902,597,602,574,594,593,549,561,559,478,509,505,704,677,1200,1108,2350,1461,6433,5773,1604,1855,5169,2590,2406,1843,1567,1583,29977,29978]} 1. e4 e5 2. Nf3 Nf6 3. Nxe5 d6 4. Nf3 Nxe4 5. d4 d5 6. Bd3 Be7 7. O-O O-O 8. c4 Nc6 9. Nc3 Nxc3 10. bxc3 dxc4 11. Bxc4 Bf5 {C42: Petroff Defence: 3 Nxe5 and unusual White 3rd moves.} 12. Re1 {[#]} Re8 $146 ({Predecessor:} 12... Bd6 13. Ng5 h6 14. Qf3 Qd7 15. Ne4 Rae8 16. Bd2 Bg4 17. Qd3 Bf5 18. h3 Na5 {0-1 (30) Navara,D (2740)-Wei,Y (2743) Yancheng 2018}) 13. Bf4 Rc8 (13... Bd6 $11 14. Rxe8+ Qxe8 15. Bxd6 cxd6) 14. Qb3 $16 Rf8 15. Qxb7 Na5 16. Qb5 $36 {[%mdl 2048] White is in control.} Nxc4 17. Qxf5 Nd6 18. Qa5 Ra8 19. Rab1 Bf6 20. Qc5 Qd7 21. h3 a6 22. Be5 Be7 {intending ...Nb5.} 23. Bxd6 cxd6 24. Qd5 Rab8 25. Rxb8 Rxb8 {[#]} 26. Ne5 $1 {[%mdl 64] Pin} Qe8 $2 (26... Qe6 27. Qxe6 fxe6) 27. Nc6 $18 {[%mdl 64] Double Attack} Rb7 28. Nxe7+ Rxe7 29. Rxe7 Qxe7 {[%mdl 4096] Endgame KQ-KQ} 30. Qa8+ Qf8 31. Qxa6 g6 32. Qc6 Qe7 33. g3 d5 34. Qxd5 Qe1+ 35. Kg2 Qxc3 36. a4 {[%cal Ba2a4,Ba4a5][%mdl 32]} Qd3 37. a5 Qa6 38. Qc5 Qd3 39. d5 h5 40. h4 Qe4+ 41. Kh2 g5 42. Qe3 {Accuracy: White = 77%, Black = 35%.} 1-0

[Event "FIN-ch Seniors 50 2020"]
[Site "Helsinki"]
[Date "2020.09.25"]
[Round "3.1"]
[White "Vainikainen, Tommi"]
[Black "Kumpulainen, Jari"]
[Result "1/2-1/2"]
[WhiteElo "1850"]
[BlackElo "1912"]
[Annotator "NA"]
[PlyCount "67"]
[EventDate "2020.09.24"]
[EventType "tourn"]
[EventCountry "FIN"]
[SourceTitle "playchess.com"]
[Source "ChessBase"]
[SourceQuality "1"]
[TimeControl "40/5400+30:1800+30"]

1. e4 {[%emt 0:00:00]} d5 {[%emt 0:00:00]} 2. exd5 {[%emt 0:00:00]} Qxd5 {[%emt 0:00:03]} 3. Nc3 {[%emt 0:00:00]} Qa5 {[%emt 0:00:04]} 4. d4 {[%emt 0:00:12]} c6 {[%emt 0:00:04]} 5. Nf3 {[%emt 0:00:52]} Nf6 {[%emt 0:00:07]} 6. Be2 {[%emt 0:07:00]} Bf5 {[%emt 0:00:28]} 7. O-O {[%emt 0:00:20]} e6 {[%emt 0:00:05]} 8. Bf4 {[%emt 0:03:59]} Nbd7 {[%emt 0:00:38]} 9. a3 {[%emt 0:03:26]} h6 {[%emt 0:05:47]} 10. Re1 {[%emt 0:04:16]} Be7 {[%emt 0:01:09]} 11. Bd3 {[%emt 0:01:08]} Bxd3 {[%emt 0:02:00]} 12. Qxd3 {[%emt 0:00:07]} O-O {[%emt 0:00:24]} 13. Ne4 {[%emt 0:16:28]} Nxe4 {[%emt 0:02:11]} 14. Rxe4 {[%emt 0:00:08]} Nf6 {[%emt 0:09:04]} 15. Re5 {[%emt 0:00:42]} Qd8 {[%emt 0:00:15]} 16. Bd2 $15 {[%emt 0:01:13]} Bd6 {[%emt 0:01:05]} 17. Ree1 {[%emt 0:01:15]} Qc7 {[%emt 0:02:29]} 18. Ne5 {[%emt 0:07:33]} c5 {[%emt 0:02:19]} 19. Qg3 {[%emt 0:01:03]} Kh7 {[%emt 0:07:44]} 20. Qh4 {[%emt 0:01:48]} Be7 {[%emt 0:04:24]} 21. dxc5 {[%emt 0:05:15]} Qxc5 {[%emt 0:01:20]} 22. Bb4 {[%emt 0:05:13]} Qc7 {[%emt 0:00:42]} 23. Bxe7 {[%emt 0:00:28]} Qxe7 {[%emt 0:00:14]} 24. c4 {[%emt 0:00:20]} Qc7 {[%emt 0:01:44]} 25. b4 {[%emt 0:06:12]} Rad8 {[%emt 0:00:47]} 26. Qg3 {[%emt 0:01:32]} Kg8 {[%emt 0:06:40]} 27. c5 {[%emt 0:05:01]} Rd4 {[%emt 0:06:25]} 28. Rad1 {[%emt 0:01:07]} Ne4 {[%emt 0:03:27]} 29. Qe3 {[%emt 0:02:11]} Rxd1 {[%emt 0:04:30]} 30. Rxd1 {[%emt 0:00:06]} Nf6 {[%emt 0:38:51]} 31. Nc4 {[%emt 0:26:35]} Nd5 {[%emt 0:00:30]} 32. Ne5 {[%emt 0:00:30]} Nf6 {[%emt 0:00:30]} 33. Qb3 {[%emt 0:00:30]} a5 {[%emt 0:00:30]} 34. Qf3 {[%emt 0:00:30]} 1/2-1/2

[Event "FIN-ch Seniors 50 2020"]
[Site "Helsinki"]
[Date "2020.09.25"]
[Round "3.2"]
[White "Salmenkivi, Eero"]
[Black "Hamalainen, Sami"]
[Result "0-1"]
[WhiteElo "2053"]
[BlackElo "2182"]
[Annotator "NA"]
[PlyCount "78"]
[EventDate "2020.09.24"]
[EventType "tourn"]
[EventCountry "FIN"]
[SourceTitle "playchess.com"]
[Source "ChessBase"]
[SourceQuality "1"]
[TimeControl "40/5400+30:1800+30"]

1. e4 {[%emt 0:00:00]} e6 {[%emt 0:00:00]} 2. d4 {[%emt 0:00:00]} d5 {[%emt 0:00:00]} 3. e5 {[%emt 0:00:00]} c5 {[%emt 0:00:00]} 4. c3 {[%emt 0:00:00]} Nc6 {[%emt 0:00:09]} 5. Nf3 {[%emt 0:00:00]} Qb6 {[%emt 0:00:14]} 6. Be2 {[%emt 0:00:06]} Nge7 {[%emt 0:04:03]} 7. Na3 {[%emt 0:00:19]} cxd4 {[%emt 0:02:05]} 8. cxd4 {[%emt 0:00:12]} Nf5 {[%emt 0:00:45]} 9. Nc2 {[%emt 0:00:10]} Bb4+ {[%emt 0:11:58]} 10. Kf1 {[%emt 0:00:14]} Be7 {[%emt 0:01:40]} 11. g4 {[%emt 0:03:58]} Nh4 {[%emt 0:12:41]} 12. Nxh4 {[%emt 0:01:19]} Bxh4 {[%emt 0:00:04]} 13. Kg2 {[%emt 0:02:22]} Bd7 {[%emt 0:12:39]} 14. f4 {[%emt 0:01:53]} O-O-O {[%emt 0:01:51]} 15. b4 {[%emt 0:00:37]} Be7 {[%emt 0:08:46]} 16. b5 {[%emt 0:04:42]} Na5 {[%emt 0:01:01]} 17. a4 {[%emt 0:01:08]} Kb8 {[%emt 0:01:53]} 18. Qd3 {[%emt 0:18:40]} Rc8 {[%emt 0:03:33]} 19. Be3 {[%emt 0:03:37]} g6 {[%emt 0:19:00]} 20. Rhc1 {[%emt 0:09:35]} Rc4 {[%emt 0:04:35]} 21. Na3 {[%emt 0:01:21]} Rxa4 {[%emt 0:02:05]} 22. Bf2 {[%emt 0:21:32]} Bxa3 {[%emt 0:02:36]} 23. Rxa3 {[%emt 0:00:06]} Bxb5 {[%emt 0:00:43]} 24. Rxa4 {[%emt 0:01:47]} Bxd3 {[%emt 0:00:33]} 25. Bxd3 {[%emt 0:00:02]} Rc8 {[%emt 0:02:47]} 26. Rb1 {[%emt 0:01:32]} Qc7 {[%emt 0:01:23]} 27. Be1 {[%emt 0:01:16]} Nc4 {[%emt 0:00:41]} 28. Kf3 {[%emt 0:00:46]} Qc6 {[%emt 0:00:35]} 29. Rba1 {[%emt 0:00:52]} a6 {[%emt 0:00:26]} 30. Rb4 {[%emt 0:01:42]} b5 {[%emt 0:02:13]} 31. Rb3 {[%emt 0:01:01]} Kb7 {[%emt 0:00:27]} 32. Ra2 {[%emt 0:00:52]} Qb6 {[%emt 0:00:35]} 33. Bc3 {[%emt 0:00:21]} Ra8 {[%emt 0:01:46]} 34. Rb1 {[%emt 0:01:38]} a5 {[%emt 0:00:58]} 35. Bxc4 {[%emt 0:01:49]} dxc4 {[%emt 0:00:20]} 36. Rxb5 {[%emt 0:00:05]} Qxb5 {[%emt 0:00:21]} 37. Rb2 {[%emt 0:00:02]} Qxb2 {[%emt 0:00:51]} 38. Bxb2 {[%emt 0:00:01]} Kc6 {[%emt 0:00:09]} 39. f5 {[%emt 0:00:23]} Rb8 {[%emt 0:00:32]} 0-1

[Event "FIN-ch Seniors 50 2020"]
[Site "Helsinki"]
[Date "2020.09.25"]
[Round "3.3"]
[White "Salmi, Ilkka"]
[Black "Piho, Juha"]
[Result "0-1"]
[WhiteElo "1870"]
[BlackElo "1915"]
[Annotator "NA"]
[PlyCount "86"]
[EventDate "2020.09.24"]
[EventType "tourn"]
[EventCountry "FIN"]
[SourceTitle "playchess.com"]
[Source "ChessBase"]
[SourceQuality "1"]
[TimeControl "40/5400+30:1800+30"]

1. e4 {[%emt 0:00:00]} c5 {[%emt 0:02:47]} 2. c4 {[%emt 0:00:00]} Nc6 {[%emt 0:00:17]} 3. Nc3 {[%emt 0:00:13]} g6 {[%emt 0:00:22]} 4. g3 {[%emt 0:00:12]} Bg7 {[%emt 0:00:16]} 5. Bg2 {[%emt 0:00:04]} d6 {[%emt 0:00:22]} 6. Nge2 {[%emt 0:00:19]} Nf6 {[%emt 0:01:39]} 7. a3 {[%emt 0:01:20]} Ne5 {[%emt 0:02:20]} 8. d3 {[%emt 0:02:39]} Bg4 {[%emt 0:00:32]} 9. f4 {[%emt 0:00:53]} Nc6 {[%emt 0:08:02]} 10. h3 {[%emt 0:01:03]} Bd7 {[%emt 0:06:25]} 11. O-O {[%emt 0:00:10]} e6 {[%emt 0:11:29]} 12. Rb1 {[%emt 0:01:17]} O-O {[%emt 0:06:39]} 13. b4 {[%emt 0:00:36]} Nd4 {[%emt 0:06:32]} ({Black should try} 13... b6 $14) 14. bxc5 {[%emt 0:03:16]} dxc5 {[%emt 0:00:51]} 15. Nxd4 {[%emt 0:03:06]} ({But not} 15. Rxb7 $6 Bc6 $16) (15. e5 $18) 15... cxd4 {[%emt 0:00:15]} 16. Ne2 {[%emt 0:00:36]} Bc6 {[%emt 0:01:19]} 17. e5 $16 {[%emt 0:01:46]} Ne8 {[%emt 0:04:25]} 18. Bb2 {[%emt 0:01:01]} Bxg2 {[%emt 0:02:08]} 19. Kxg2 {[%emt 0:00:24]} Qd7 {[%emt 0:10:40]} 20. Bxd4 {[%emt 0:04:09]} f6 {[%emt 0:03:33]} 21. Qb3 {[%emt 0:03:00]} fxe5 {[%emt 0:01:52]} 22. fxe5 {[%emt 0:01:48]} b6 {[%emt 0:01:56]} 23. Rxf8+ {[%emt 0:02:28]} Bxf8 {[%emt 0:00:12]} 24. Rf1 {[%emt 0:03:13]} Nc7 {[%emt 0:00:48]} 25. Be3 {[%emt 0:05:24]} Rc8 {[%emt 0:04:58]} 26. d4 {[%emt 0:01:37]} b5 {[%emt 0:08:00]} 27. cxb5 {[%emt 0:06:35]} Nxb5 {[%emt 0:02:23]} 28. a4 {[%emt 0:01:20]} Nc7 {[%emt 0:02:11]} 29. Nf4 {[%emt 0:02:59]} Qc6+ {[%emt 0:02:29]} 30. Kg1 {[%emt 0:01:18]} Nd5 {[%emt 0:02:00]} 31. Nxd5 {[%emt 0:00:30]} exd5 {[%emt 0:00:08]} 32. Rc1 {[%emt 0:01:01]} Qxc1+ {[%emt 0:00:22]} 33. Bxc1 {[%emt 0:00:05]} Rxc1+ {[%emt 0:00:06]} 34. Kf2 {[%emt 0:00:37]} Rc4 {[%emt 0:00:19]} 35. Ke3 {[%emt 0:01:20]} Bb4 {[%emt 0:03:03]} 36. Kd3 {[%emt 0:00:13]} a5 {[%emt 0:00:12]} 37. Qxc4 {[%emt 0:02:12]} dxc4+ {[%emt 0:00:17]} 38. Kxc4 {[%emt 0:00:11]} Kf7 {[%emt 0:01:08]} 39. d5 {[%emt 0:00:23]} Ke7 {[%emt 0:00:21]} 40. g4 {[%emt 0:01:17]} Kd7 {[%emt 0:01:08]} 41. h4 {[%emt 0:31:18]} h5 {[%emt 0:30:18]} 42. gxh5 {[%emt 0:00:35]} gxh5 {[%emt 0:00:01]} 43. Kb5 {[%emt 0:00:34]} Bc3 {[%emt 0:00:32]} 0-1

[Event "FIN-ch Seniors 50 2020"]
[Site "Helsinki"]
[Date "2020.09.25"]
[Round "3.4"]
[White "Salimaki, Janne"]
[Black "Lyly, Seppo"]
[Result "1-0"]
[WhiteElo "2092"]
[BlackElo "1880"]
[Annotator "NA"]
[PlyCount "81"]
[EventDate "2020.09.24"]
[EventType "tourn"]
[EventCountry "FIN"]
[SourceTitle "playchess.com"]
[Source "ChessBase"]
[SourceQuality "1"]
[TimeControl "40/5400+30:1800+30"]

1. e4 {[%emt 1:30:30]} c5 {[%emt 1:30:30]} 2. Nf3 {[%emt 0:00:30]} d6 {[%emt 0:00:30]} 3. d4 {[%emt 0:00:30]} cxd4 {[%emt 0:00:30]} 4. Nxd4 {[%emt 0:00:30]} Nf6 {[%emt 0:00:30]} 5. Nc3 {[%emt 0:00:30]} a6 {[%emt 0:00:30]} 6. Nb3 $11 {[%emt 0:00:30]} g6 {[%emt 0:00:30]} 7. Be2 {[%emt 0:00:30]} Bg7 {[%emt 0:00:30]} 8. O-O {[%emt 0:00:30]} O-O {[%emt 0:00:30]} 9. f4 {[%emt 0:00:30]} Nc6 {[%emt 0:00:30]} 10. Be3 {[%emt 0:00:30]} b5 {[%emt 0:00:30]} 11. Bf3 {[%emt 0:00:30]} Bb7 {[%emt 0:00:30]} 12. Qd2 {[%emt 0:00:30]} Rc8 {[%emt 0:00:30]} 13. Nd5 {[%emt 0:00:30]} Nd7 {[%emt 0:00:30]} 14. c3 {[%emt 0:00:30]} e6 {[%emt 0:00:30]} 15. Nb4 {[%emt 0:00:30]} Nxb4 {[%emt 0:00:30]} 16. cxb4 {[%emt 0:00:30]} Nb6 {[%emt 0:00:30]} 17. Na5 {[%emt 0:00:30]} Nc4 {[%emt 0:00:30]} 18. Nxc4 {[%emt 0:00:30]} Rxc4 {[%emt 0:00:30]} 19. Rac1 {[%emt 0:00:30]} Qa8 {[%emt 0:00:30]} 20. Rxc4 {[%emt 0:00:30]} bxc4 {[%emt 0:00:30]} 21. Bd4 {[%emt 0:00:30]} e5 {[%emt 0:00:30]} 22. fxe5 {[%emt 0:00:30]} dxe5 {[%emt 0:00:30]} 23. Bc5 {[%emt 0:00:30]} Rd8 {[%emt 0:00:30]} 24. Qc2 {[%emt 0:00:30]} Bc6 {[%emt 0:00:30]} 25. Rf2 {[%emt 0:00:30]} Rd7 {[%emt 0:00:30]} 26. Qxc4 {[%emt 0:00:30]} Bb5 {[%emt 0:00:30]} 27. Qb3 {[%emt 0:00:30]} Rd3 {[%emt 0:00:30]} 28. Qc2 {[%emt 0:00:30]} Qd8 {[%emt 0:00:30]} 29. a4 {[%emt 0:00:30]} Bc6 {[%emt 0:00:30]} 30. Qc4 {[%emt 0:00:30]} Bxa4 {[%emt 0:00:30]} 31. Qxa6 {[%emt 0:00:30]} Bd1 {[%emt 0:00:30]} 32. Bxd1 {[%emt 0:00:30]} Rxd1+ {[%emt 0:00:30]} 33. Rf1 {[%emt 0:00:30]} Rxf1+ {[%emt 0:00:30]} 34. Kxf1 {[%emt 0:00:30]} Qd1+ {[%emt 0:00:30]} 35. Kf2 {[%emt 0:00:30]} h5 {[%emt 0:00:30]} 36. Qe2 {[%emt 0:00:30]} Qc1 {[%emt 0:00:30]} 37. Be3 {[%emt 0:00:30]} Qc6 {[%emt 0:00:30]} 38. Qd3 {[%emt 0:00:30]} Qf6+ {[%emt 0:00:30]} 39. Kg1 {[%emt 0:00:30]} Bf8 {[%emt 0:00:30]} 40. b5 {[%emt 0:00:30]} Qh4 {[%emt 0:00:30]} 41. g3 {[%emt 0:30:30]} 1-0

[Event "FIN-ch Seniors 50 2020"]
[Site "Helsinki"]
[Date "2020.09.26"]
[Round "4.2"]
[White "Piho, Juha"]
[Black "Salimaki, Janne"]
[Result "1-0"]
[WhiteElo "1915"]
[BlackElo "2092"]
[Annotator "ChessBase"]
[PlyCount "71"]
[EventDate "2020.09.24"]
[EventType "tourn"]
[EventCountry "FIN"]
[SourceTitle "playchess.com"]
[Source "ChessBase"]
[SourceQuality "1"]
[TimeControl "40/5400+30:1800+30"]

1. e4 {[%emt 0:01:57]} c5 {[%emt 0:00:00]} 2. Bc4 {[%emt 0:01:08]} Nc6 {[%emt 0:02:42]} 3. f4 {[%emt 0:01:37]} e6 {[%emt 0:01:46]} 4. Nc3 {[%emt 0:01:49]} Nge7 {[%emt 0:01:18]} 5. Nf3 {[%emt 0:08:40]} d5 {[%emt 0:03:12]} 6. exd5 {[%emt 0:01:29]} exd5 {[%emt 0:00:16]} 7. Be2 {[%emt 0:03:30]} Ng6 {[%emt 0:01:39]} 8. d4 {[%emt 0:03:47]} cxd4 {[%emt 0:04:55]} 9. Nb5 {[%emt 0:17:58]} Bb4+ {[%emt 0:08:08]} 10. c3 {[%emt 0:03:27]} dxc3 {[%emt 0:02:42]} 11. bxc3 {[%emt 0:00:22]} a6 {[%emt 0:05:04]} 12. Qxd5 {[%emt 0:04:53]} axb5 {[%emt 0:06:00]} 13. Qxd8+ {[%emt 0:00:16]} Kxd8 {[%emt 0:00:12]} 14. cxb4 {[%emt 0:00:17]} Nxb4 {[%emt 0:00:26]} 15. O-O {[%emt 0:01:07]} Rxa2 {[%emt 0:02:17]} 16. Rd1+ {[%emt 0:01:41]} Kc7 {[%emt 0:02:05]} 17. Rxa2 {[%emt 0:01:01]} Nxa2 {[%emt 0:00:04]} 18. Bb2 {[%emt 0:00:18]} f6 {[%emt 0:05:41]} 19. Bxb5 {[%emt 0:02:02]} Nxf4 {[%emt 0:02:28]} 20. Bc4 {[%emt 0:03:19]} Nb4 {[%emt 0:02:25]} 21. Ba3 {[%emt 0:00:45]} Nxg2 {[%emt 0:07:45]} 22. Kxg2 {[%emt 0:00:18]} Nc6 {[%emt 0:00:20]} 23. Bd6+ {[%emt 0:01:12]} Kd8 {[%emt 0:08:49]} 24. Bf8+ {[%emt 0:10:46]} Kc7 {[%emt 0:00:13]} 25. Bxg7 {[%emt 0:09:07]} Rd8 {[%emt 0:00:38]} 26. Rxd8 {[%emt 0:00:29]} Kxd8 {[%emt 0:00:35]} 27. Bxf6+ {[%emt 0:00:07]} Ke8 {[%emt 0:00:20]} 28. Nd4 {[%emt 0:03:44]} Nxd4 {[%emt 0:04:30]} 29. Bxd4 {[%emt 0:00:02]} Kf8 {[%emt 0:00:24]} 30. Kg3 {[%emt 0:00:58]} Bd7 {[%emt 0:00:29]} 31. Kf4 {[%emt 0:01:53]} b5 {[%emt 0:02:33]} 32. Bd5 {[%emt 0:00:54]} Bh3 {[%emt 0:00:31]} 33. Kg5 {[%emt 0:00:30]} b4 {[%emt 0:04:41]} 34. Kh6 {[%emt 0:01:05]} Bf5 {[%emt 0:00:19]} 35. Bc5+ {[%emt 0:00:11]} Ke8 {[%emt 0:00:21]} 36. Bxb4 {[%emt 0:00:03]} 1-0

[Event "FIN-ch Seniors 50 2020"]
[Site "Helsinki"]
[Date "2020.09.26"]
[Round "4.3"]
[White "Hamalainen, Sami"]
[Black "Salmi, Ilkka"]
[Result "1-0"]
[WhiteElo "2182"]
[BlackElo "1870"]
[Annotator "NA"]
[PlyCount "56"]
[EventDate "2020.09.24"]
[EventType "tourn"]
[EventCountry "FIN"]
[SourceTitle "playchess.com"]
[Source "ChessBase"]
[SourceQuality "1"]
[TimeControl "40/5400+30:1800+30"]

1. e4 {[%emt 0:07:33]} e5 {[%emt 0:00:00]} 2. Nf3 {[%emt 0:00:17]} Nc6 {[%emt 0:00:07]} 3. Bc4 {[%emt 0:00:50]} Bc5 {[%emt 0:00:28]} 4. c3 {[%emt 0:00:11]} Nf6 {[%emt 0:00:54]} 5. d4 {[%emt 0:00:29]} exd4 {[%emt 0:00:37]} 6. cxd4 {[%emt 0:00:24]} Bb4+ {[%emt 0:00:30]} 7. Bd2 {[%emt 0:00:14]} Bxd2+ {[%emt 0:03:12]} 8. Nbxd2 {[%emt 0:01:38]} O-O {[%emt 0:01:53]} 9. e5 {[%emt 0:04:34]} Ne8 {[%emt 0:01:06]} 10. O-O {[%emt 0:10:17]} d6 {[%emt 0:00:42]} 11. Qe2 {[%emt 0:03:11]} dxe5 {[%emt 0:03:01]} 12. dxe5 {[%emt 0:00:27]} Nd4 {[%emt 0:03:32]} 13. Qe4 {[%emt 0:10:46]} Nxf3+ {[%emt 0:07:24]} 14. Nxf3 {[%emt 0:00:15]} c6 {[%emt 0:02:50]} 15. Rad1 {[%emt 0:03:01]} Qe7 {[%emt 0:01:18]} 16. Rfe1 {[%emt 0:05:25]} Be6 {[%emt 0:01:59]} 17. Bxe6 {[%emt 0:07:38]} fxe6 {[%emt 0:01:52]} 18. h4 {[%emt 0:09:29]} Nc7 {[%emt 0:08:18]} 19. Rd6 {[%emt 0:03:05]} h6 {[%emt 0:13:37]} 20. Red1 {[%emt 0:02:14]} Nd5 {[%emt 0:12:52]} 21. Qg6 {[%emt 0:15:16]} Rae8 {[%emt 0:01:58]} 22. Nd4 {[%emt 0:06:43]} Qf7 {[%emt 0:00:46]} 23. Qxf7+ {[%emt 0:01:49]} Kxf7 {[%emt 0:00:18]} 24. Rd3 {[%emt 0:01:19]} Nc7 {[%emt 0:04:04]} 25. Rd7+ {[%emt 0:01:21]} Re7 {[%emt 0:01:52]} 26. Rxc7 {[%emt 0:02:19]} Rd8 {[%emt 0:06:24]} 27. Rxe7+ {[%emt 0:00:57]} Kxe7 {[%emt 0:00:03]} 28. Rd2 {[%emt 0:00:14]} Ke8 {[%emt 0:22:23]} 1-0

[Event "FIN-ch Seniors 50 2020"]
[Site "Helsinki"]
[Date "2020.09.26"]
[Round "4.4"]
[White "Vainikainen, Tommi"]
[Black "Salmenkivi, Eero"]
[Result "0-1"]
[WhiteElo "1850"]
[BlackElo "2053"]
[Annotator "NA"]
[PlyCount "82"]
[EventDate "2020.09.24"]
[EventType "tourn"]
[EventCountry "FIN"]
[SourceTitle "playchess.com"]
[Source "ChessBase"]
[SourceQuality "1"]
[TimeControl "40/5400+30:1800+30"]

1. e4 {[%emt 1:30:30]} c5 {[%emt 1:30:30]} 2. c3 {[%emt 0:00:30]} Nf6 {[%emt 0:00:30]} 3. e5 {[%emt 0:00:30]} Nd5 4. d4 {[%emt 0:00:30]} cxd4 {[%emt 0:01:00]} 5. cxd4 {[%emt 0:00:30]} Nc6 {[%emt 0:00:30]} 6. Nf3 {[%emt 0:00:30]} d6 {[%emt 0:00:30]} 7. Bc4 {[%emt 0:00:30]} Nb6 {[%emt 0:00:30]} 8. Bxf7+ {[%emt 0:00:30]} Kxf7 {[%emt 0:00:30]} 9. Ng5+ {[%emt 0:00:30]} Kg8 {[%emt 0:00:30]} 10. e6 {[%emt 0:00:30]} Qe8 {[%emt 0:00:30]} 11. Qf3 {[%emt 0:00:30]} Nd8 {[%emt 0:00:30]} 12. d5 {[%emt 0:00:30]} h6 {[%emt 0:00:30]} 13. Nh3 {[%emt 0:00:30]} Nxd5 {[%emt 0:00:30]} 14. Qxd5 {[%emt 0:00:30]} Bxe6 {[%emt 0:00:30]} 15. Qe4 {[%emt 0:00:30]} Qf7 {[%emt 0:00:30]} 16. Nc3 {[%emt 0:00:30]} Nc6 {[%emt 0:00:30]} 17. Nf4 {[%emt 0:00:30]} Bf5 {[%emt 0:00:30]} 18. Qa4 {[%emt 0:00:30]} e5 {[%emt 0:00:30]} 19. Nfe2 {[%emt 0:00:30]} d5 {[%emt 0:00:30]} 20. O-O {[%emt 0:00:30]} a6 {[%emt 0:00:30]} 21. Ng3 {[%emt 0:00:30]} Bd3 {[%emt 0:00:30]} 22. Rd1 {[%emt 0:00:30]} Nb4 {[%emt 0:00:30]} 23. Rxd3 {[%emt 0:00:30]} Nxd3 {[%emt 0:00:30]} 24. Qc2 {[%emt 0:00:30]} Bc5 {[%emt 0:00:30]} 25. Nd1 {[%emt 0:00:30]} e4 {[%emt 0:00:30]} 26. Be3 {[%emt 0:00:30]} Bxe3 {[%emt 0:00:30]} 27. Nxe3 {[%emt 0:00:30]} Kh7 {[%emt 0:00:30]} 28. f3 {[%emt 0:00:30]} Ne5 {[%emt 0:00:30]} 29. fxe4 {[%emt 0:00:30]} d4 {[%emt 0:00:30]} 30. Rf1 {[%emt 0:00:30]} Qe6 {[%emt 0:00:30]} 31. Nd5 {[%emt 0:00:30]} Rac8 {[%emt 0:00:30]} 32. Qd2 {[%emt 0:00:30]} d3 {[%emt 0:00:30]} 33. Nc3 {[%emt 0:00:30]} g6 {[%emt 0:00:30]} 34. Rf4 {[%emt 0:00:30]} Rcf8 {[%emt 0:00:30]} 35. Nd5 {[%emt 0:00:30]} Kg7 {[%emt 0:00:30]} 36. Qc3 {[%emt 0:00:30]} Rc8 {[%emt 0:00:30]} 37. Qd4 {[%emt 0:00:30]} Rc4 {[%emt 0:00:30]} 38. Qe3 {[%emt 0:00:30]} Qd6 {[%emt 0:00:30]} 39. Nh5+ {[%emt 0:00:30]} gxh5 {[%emt 0:00:30]} 40. Qg3+ {[%emt 0:00:30]} Qg6 {[%emt 0:00:30]} 41. Rg4 {[%emt 0:30:30]} Nxg4 {[%emt 0:30:30]} 0-1

[Event "FIN-ch Seniors 50 2020"]
[Site "Helsinki"]
[Date "2020.09.26"]
[Round "5.1"]
[White "Salmenkivi, Eero"]
[Black "Kumpulainen, Jari"]
[Result "1/2-1/2"]
[WhiteElo "2053"]
[BlackElo "1912"]
[Annotator "ChessBase"]
[PlyCount "61"]
[EventDate "2020.09.24"]
[EventType "tourn"]
[EventCountry "FIN"]
[SourceTitle "playchess.com"]
[Source "ChessBase"]
[SourceQuality "1"]
[TimeControl "40/5400+30:1800+30"]

1. e4 {[%emt 0:00:00]} c5 {[%emt 0:00:00]} 2. c3 {[%emt 0:00:00]} Nc6 {[%emt 0:00:00]} 3. d4 {[%emt 0:00:00]} cxd4 {[%emt 0:00:56]} 4. cxd4 {[%emt 0:00:00]} e6 {[%emt 0:00:13]} 5. Nf3 {[%emt 0:04:39]} d5 {[%emt 0:02:29]} 6. e5 {[%emt 0:00:39]} Nge7 {[%emt 0:00:32]} 7. Na3 {[%emt 0:01:08]} Ng6 {[%emt 0:01:50]} 8. Nc2 {[%emt 0:00:15]} Be7 {[%emt 0:00:38]} 9. Bd3 {[%emt 0:01:58]} Bd7 {[%emt 0:01:17]} 10. a3 {[%emt 0:01:05]} O-O {[%emt 0:01:57]} 11. h4 {[%emt 0:01:18]} f5 {[%emt 0:05:39]} 12. exf6 {[%emt 0:11:28]} Bxf6 {[%emt 0:02:19]} 13. Bxg6 {[%emt 0:00:23]} hxg6 {[%emt 0:00:23]} 14. Qd3 {[%emt 0:04:10]} Be8 {[%emt 0:03:08]} 15. Bg5 {[%emt 0:06:34]} Rc8 {[%emt 0:07:01]} 16. Rd1 {[%emt 0:06:43]} Qc7 {[%emt 0:10:04]} 17. Ne3 {[%emt 0:01:54]} Qa5+ {[%emt 0:01:36]} 18. b4 {[%emt 0:12:35]} Qc7 {[%emt 0:09:45]} 19. Ng4 {[%emt 0:08:53]} Ne7 {[%emt 0:06:54]} 20. Nge5 {[%emt 0:09:53]} Qc3+ {[%emt 0:02:42]} 21. Qxc3 {[%emt 0:01:01]} Rxc3 {[%emt 0:00:12]} 22. Bc1 {[%emt 0:00:11]} Ba4 {[%emt 0:04:22]} 23. Bb2 {[%emt 0:00:45]} Rc2 {[%emt 0:01:17]} 24. Rd2 {[%emt 0:00:12]} Rfc8 {[%emt 0:05:59]} 25. Ke2 {[%emt 0:05:41]} Nf5 {[%emt 0:08:00]} 26. Rhd1 {[%emt 0:01:26]} Bxe5 {[%emt 0:12:45]} 27. dxe5 {[%emt 0:20:39]} Rxb2 {[%emt 0:11:32]} 28. Rxb2 {[%emt 0:00:30]} Bxd1+ 29. Kxd1 {[%emt 0:00:30]} Rc3 {[%emt 0:01:00]} 30. Ra2 {[%emt 0:00:30]} Rc8 {[%emt 0:00:30]} 31. Rd2 1/2-1/2